|
|
|
|
| LEADER |
00000nab a2200000 a 4500 |
| 001 |
vtls010114800 |
| 003 |
SK-MaSNL |
| 005 |
20260426085642.0 |
| 008 |
250507c2010 xo ||||||||||||00 b|slo |
| 015 |
|
|
|a SNBRB2010/07
|2 snkbucl
|
| 035 |
|
|
|a urn:nbn:sk:snk-ab8beh
|
| 035 |
|
|
|a (urnnbn)urn:nbn:sk:snk:ar-a07tzg
|
| 035 |
|
|
|a (uuid)8918a97a-781c-4af1-9a44-3d1e5431ebed
|
| 038 |
|
|
|a SNKBUCL
|
| 040 |
|
|
|a SNKBUCL
|b slo
|c SNKBUCL
|e AACR2
|
| 041 |
0 |
|
|a slo
|
| 044 |
|
|
|a xo
|c SK
|
| 080 |
|
|
|a 331.5.024.5
|x (437.6)
|2 2001
|
| 080 |
|
|
|a 336.02:331.5
|x (437.6)
|2 2001
|
| 080 |
|
|
|a 336.5:331.5
|x (437.6)
|2 2001
|
| 100 |
1 |
|
|a Hölcz, Róbert
|4 aut
|9 711665
|
| 245 |
1 |
0 |
|a Fiškálna politika vlády na podporu nezamestnanosti
|c Róbert Hölcz
|
| 650 |
0 |
7 |
|a zamestnanosť
|2 snkbucl
|9 2209
|
| 650 |
0 |
7 |
|a podpora zamestnanosti
|2 snkbucl
|9 826452
|
| 650 |
0 |
7 |
|a fiškálna politika
|2 snkbucl
|9 2273
|
| 651 |
|
7 |
|a Slovensko
|2 snkbucl
|9 14231
|
| 773 |
0 |
|
|t Eurobiznis
|g Roč. 10., č. 1-2 (2010), s. 26-27
|x 1336-393X
|
| 850 |
|
|
|a Slovenská národná knižnica
|
| 852 |
|
|
|a Slovenská národná knižnica
|
| 954 |
|
|
|a odborná, vedecká literatúra pôvodná (slovenská)
|2 lita
|
| 958 |
|
|
|a article9
|
| 958 |
|
|
|a OND
|
| 958 |
|
|
|a SK
|
| 958 |
|
|
|a EUIPO
|
| 999 |
|
|
|c 2968455
|d 2970385
|